Η ποιητική του έρωτα στο έργο του Ανδρέα Εμπειρίκου

Αποθηκεύτηκε σε:
Λεπτομέρειες βιβλιογραφικής εγγραφής
Κύριος συγγραφέας: Αναγνωστοπούλου, Διαμάντη
Άλλοι συγγραφείς: Τζαβάρας, Θανάσης
Μορφή: Βιβλίο
Γλώσσα:Greek
Δημοσίευση: Αθήνα : Υψιλον/Βιβλία, 1990
Σειρά:Δοκίμια,μελέτες ; ; 23
Θέματα:
Ετικέτες: Προσθήκη ετικέτας
Δεν υπάρχουν, Καταχωρήστε ετικέτα πρώτοι!

MARC

LEADER 00000cam a2200000 i 4500
001 1/84577
008 960909s1990 gr | ||| |||| ||gre||
020 |a 9607949307 
035 |a 1992  |b 1  |c Αναγνωστοπούλου  |l 10034476 
035 |a 1990  |b 3  |c Δωρεά 
040 |a GR-MY-UA  |b gre  |e aacr 
041 0 |a gre 
082 0 |a 889.14092 
100 1 |a Αναγνωστοπούλου, Διαμάντη. 
245 1 2 |a Η ποιητική του έρωτα στο έργο του Ανδρέα Εμπειρίκου /  |c Διαμάντη Αναγνωστοπούλου ; πρόλογος Θανάσης Τζαβάρας 
260 |a Αθήνα :   |b Υψιλον/Βιβλία,   |c 1990 
300 |a 201 σ. 
490 1 |a Δοκίμια-Μελέτες  |v ; 23 
504 |a Περιέχει βιβλιογραφία 
600 1 0 |a Εμπειρίκος, Ανδρέας,  |d 1901-1975. 
650 0 0 |a Poets, Greek (Modern)  |x History and criticism. 
700 1 |a Τζαβάρας, Θανάσης. 
830 0 |a Δοκίμια,μελέτες ;  |v ; 23 
852 |a INST  |b CHIOS  |e 19970709  |h 889.14092 ΑΝΑ  |p 005200010541  |q 005200010541  |t BK  |y 0 
852 |a INST  |b CHIOS  |e 20000221  |h 889.14092 ΑΝΑ  |p 005200018924  |q 005200018924  |t BK  |y 0 
852 |a INST  |b LESVOS  |e 19970604  |h 889.14092 ANA  |p 005100011073  |q 005100011073  |t BK  |y 0 
852 |a INST  |b RHODES  |e 19970211  |h 889.14092 ΑΝΑ  |p 005400000620  |q 005400000620  |t BK  |y 0 
852 |a INST  |b RHODES  |e 19970206  |h 889.14092 ΑΝΑ  |p 005400000621  |q 005400000621  |t BK  |y 0 
852 |a INST  |b RHODES  |e 19970206  |h 889.14092 ΑΝΑ  |p 005400000622  |q 005400000622  |t BK  |y 0 
852 |a INST  |b RHODES  |e 19970206  |h 889.14092 ΑΝΑ  |p 005400000623  |q 005400000623  |t BK  |y 0 
852 |a INST  |b RHODES  |e 19970206  |h 889.14092 ΑΝΑ  |p 005400000624  |q 005400000624  |t BK  |y 0 
852 |a INST  |b RHODES  |e 19970206  |h 889.14092 ΑΝΑ  |p 005400000625  |q 005400000625  |t BK  |y 0 
852 |a INST  |b RHODES  |e 19960909  |h 889.14092 ΑΝΑ  |p 005400008176  |q 005400008176  |t BK  |y 0 
852 |a INST  |b RHODES  |e 19991111  |h 889.14092 ΑΝΑ  |p 005400020522  |q 005400020522  |t BK  |y 0 
909 |a Ρ  |b 009875  |c 1990 
909 |a Ρ  |b 027316  |c 1993 
909 |a Ρ  |b 027317  |c 1993 
909 |a Ρ  |b 027318  |c 1993 
909 |a Ρ  |b 027319  |c 1993 
909 |a Ρ  |b 027320  |c 1993 
909 |a Ρ  |b 021894  |c 1992 
909 |a Χ  |b 048224 
909 |a Λ  |b 050162 
909 |a Ρ  |b 064387 
909 |a Χ  |b 068520 
922 |a 1ΔΩΡ  |b 199706 
922 |a 4ΔΩΡ  |b 199010 
922 |a 2ΕΛΗ  |b 199910  |c ΤΔΕ  |d ΠΑΠΑΣΩΤΗΡΙΟΥ 
970 |a ΧΟΡΟΖΙΔΟΥ  |b ΤΖΕΝΗ  |z 1999/09/29